Länder, die den Nullmeridian oder den Äquator Berühren - Statistiken

Allgemein
  • Dieses Quiz wurde 204 mal gespielt
  • Das Durchschnittsergebnis liegt bei 18 aus 19
Antworten auf der Karte
Die Antworten werden auf der Karte rot bzw. grün angezeigt, abhängig davon wie oft sie richtig erraten wurden.
 
Antwortstatistiken
Land % Korrekt
Brasilien
99%
Dem Rep Kongo
98%
Ecuador
98%
Indonesien
98%
Kongo
98%
Algerien
97%
Vereinigtes Königreich
97%
Frankreich
96%
Kolumbien
96%
Kenia
93%
Mali
93%
Spanien
93%
Ghana
91%
Somalia
90%
Burkina Faso
88%
Uganda
86%
Gabun
85%
Togo
83%
São Tomé und Príncipe
79%
Keine übereinstimmenden Quizze gefunden
Verteilung der Resultate
Anzahl Personen mit jedem Resultat
Perzentil nach korrekt beantworteten Fragen
Ihre Resultats-Entwicklung
Sie haben dieses Quiz noch nicht gespielt